000 00707nam a2200253 i 4500
001 000033106
003 DO-SdBNP
005 20241118105645.0
007 ta
008 110817s1956 dr 000 0 spa d
040 _aDO-SdBNP
_bspa
_cBNPHU
_erda
041 _hspa
082 _aRD863.42
_bD542L
_222
100 1 _aDíaz, Vigil
_d1880-1961
_eautor
_958777
245 1 0 _aLilís y Alejandrito /
_cVigil Díaz.
264 _aCiudad Trujillo :
_bEditora Montalvo,
_c1956.
300 _a180 páginas ;
_c23 cm.
336 _ardacontent
_btexto
_2txt
337 _ardamedia
_bsin mediación
_2n
338 _ardacarrier
_bvolumen
_2nc
590 _aInventariado, 2024/DG
910 _aDG
942 _2ddc
_cLBS1
999 _c32597
_d32597